000
00210 a2200097 4500
001
32632
100
_a
Klir, Jiri
245
_a
Cybernetic modeling
260
_a
London
_b
Iliffe books
_c
090
_c
21845
_d
21845
942
_a
NUST-CAE
_c
M
_c
13164
999
_c
267705
_d
267705